000 00206nam a2200109Ia 4500
100 _a#N/A
942 _cBK
654 _afedora core 2
245 _aFedora Core 2
260 _b#N/A
_c2004
546 _aENGLISH
999 _c23562
_d23562